Korupcia vo vzťahu k zahraničným verejným činiteľom

Problematika súčasného trestnoprávneho riešenia korupcie v Slovenskej republike. Korupcia z hľadiska celospoločenského významu a jej trestnoprávne riešenia a výskyt na Slovensku potvrdený štatistickými ukazovateľmi.

Saved in:
Bibliographic Details
Main Author: Korgo, Dušan
Format: Book Chapter
Language:Slovak
Subjects:
Tags: Add Tag
No Tags, Be the first to tag this record!

MARC

LEADER 00000naa$a2200000$$$4500
001 0225834
005 20221019163123.1
041 0 |a slo 
044 |a SK 
245 1 0 |a Korupcia vo vzťahu k zahraničným verejným činiteľom  |c Dušan Korgo 
520 |a Problematika súčasného trestnoprávneho riešenia korupcie v Slovenskej republike. Korupcia z hľadiska celospoločenského významu a jej trestnoprávne riešenia a výskyt na Slovensku potvrdený štatistickými ukazovateľmi. 
610 2 0 |a korupcia 
610 2 0 |a činnosť trestná 
610 2 0 |a právo trestné 
610 2 0 |a politika protikorupčná 
610 2 0 |a zodpovednosť trestná 
610 2 0 |a Slovensko 
610 2 0 |a ukazovatele štatistické 
100 1 |a Korgo, Dušan